Datum a čas kvízu

33.5 Celkem bodů Celkový počet nahraných bodů na tomto kvízu bez doplňovacích otázek.
4. Pořadí na kvízu Konečné umístění týmu na tomto kvízu.

Zaznamenané odpovědi

# Otázka Odpověď Body Výsledky
1. Největší veřejně přístupnou sb... 1
2. Ve středu jmenoval německý pre... 1
3. Na zahájení letošního ročníku... 0
4. Už letos najdou zákazníci ve s... 1
5. Sezona silniční cyklistiky zač... 0
6. Stephen Hawking, jehož obdivuh... 0
7. V 70. letech se Hawking intele... 0
8. Hawking se během své vědecké d... 1
9. Jaký neobvyklý dopravní prostř... 1
10. V roce 2014 byl britským režis... 1